|
|
|
|
| LEADER |
00000nam a2200000 a 4500 |
| 001 |
vtls001421040 |
| 003 |
SK-MaSNL |
| 005 |
20260301120627.0 |
| 008 |
160308s2001 xo ab ra y 0 slo |
| 015 |
|
|
|a SNBE2002/01-00245
|
| 020 |
|
|
|a 8080590494
|
| 035 |
|
|
|a SNK000375886
|
| 035 |
|
|
|a urn:nbn:sk:snk-amknem
|
| 035 |
|
|
|a urn:nbn:sk:snk-am003w15
|
| 035 |
|
|
|a 57639577-78B2-4EC7-90CE-85F697C53502
|
| 040 |
|
|
|a SNK
|b slo
|c SNK
|e AACR2
|
| 041 |
0 |
|
|a slo
|
| 044 |
|
|
|a xo
|c SK
|
| 080 |
|
|
|a 7.036.071.1(437.6+437.1/.2):061.4(450)(083.9)=854=20
|2 1981
|
| 080 |
|
|
|a 929 Németh, Ilona
|2 1981
|
| 080 |
|
|
|a 929 Surůvka, Jiří
|2 1981
|
| 110 |
0 |
|
|a Slovenská národná galéria
|4 aut
|9 59840
|
| 245 |
1 |
0 |
|a Ilona Németh, Jiří Surůvka: Pozvanie na návštevu
|b Pavilion of the Czech and Slovak Republics Giardini di Castello, Venice, Italy 7th June-4th November 200 1
|c texts Katarína Rusnáková, Lenka Lindaurová, Gábor Hushegyi ; exhibition curator: Katarína Rusanáková ; photographs: Mária Baloghová ... [et al.] ; translation: Maria Kadrliaková
|
| 246 |
1 |
0 |
|a Ilona Németh, Jiří Surůvka: Invitation for a Visit
|
| 246 |
1 |
1 |
|a Ilona Németh, Jiří Surůvka: Invitation for a Visit
|
| 246 |
3 |
0 |
|a Pozvanie na návštevu
|
| 260 |
|
|
|a [Bratislava
|b Slovenská národná galéria]
|c c2001
|
| 300 |
|
|
|a 84 s.
|b fareb. fotogr.
|c 24 cm
|
| 500 |
|
|
|a Súbežný názov a text angl. a čiast. text čes.
|
| 504 |
|
|
|a Biogr. údaje. Bibliogr.
|
| 600 |
1 |
|
|a Németh, Ilona,
|d 1963-
|2 SNK
|9 101799
|
| 600 |
1 |
|
|a Surůvka, Jiří
|d 1961-
|x výstavy
|x katalógy
|2 SNK
|9 463466
|
| 650 |
0 |
7 |
|a umenie výtvarné súčasné slovenské
|x inštalácie
|z Benátky (Taliansko)
|x výstavy
|y 2001
|x katalógy
|2 SNK
|9 463467
|
| 650 |
0 |
7 |
|a umenie výtvarné súčasné české
|x Benátky (Taliansko)
|x výstavy
|y 2001
|x katalógy
|2 SNK
|9 463468
|
| 655 |
|
7 |
|a katalógy výstav
|2 SNK
|9 70445
|
| 700 |
1 |
|
|a Rusnáková, Katarína,
|d 1959-
|4 aut
|9 199879
|
| 700 |
1 |
|
|a Lindaurová, Lenka,
|d 1960-
|4 aut
|9 107887
|
| 700 |
1 |
|
|a Hushegyi, Gábor,
|d 1959-
|4 aut
|9 103297
|
| 700 |
1 |
|
|a Baloghová, Mária
|4 pht
|9 10413
|
| 700 |
1 |
|
|a Marenčin, Martin,
|d 1956-
|4 pht
|9 90522
|
| 700 |
1 |
|
|a Rosta, József
|4 pht
|9 463469
|
| 700 |
1 |
|
|a Sulyok, Miklós
|4 pht
|9 463470
|
| 700 |
1 |
|
|a Kadrliaková, Mária
|4 trl
|9 296419
|
| 852 |
|
|
|a Akadémia umení v Banskej Bystrici
|
| 919 |
|
|
|a 80-8059-049-4
|
| 958 |
|
|
|a OND
|
| 958 |
|
|
|a TL
|
| 958 |
|
|
|a BX
|
| 958 |
|
|
|a NB
|
| 999 |
|
|
|c 726537
|d 728467
|
| 952 |
|
|
|t P60, <09>, [BOOK], {629}
|a SNK
|b SNK
|y NEVYP
|7 0
|o snkC 506
|i snk868/20011002
|0 0
|1 0
|4 0
|d 2001-09-26
|l 0
|r 2005-01-02 00:00:00
|w 2026-02-23
|
| 952 |
|
|
|t P60, <03>, [BOOK], {603}
|a SNK
|b SNK
|y PREZ
|7 0
|p 17A0316388
|o snkSC 106069
|i snkKSP 11152/2001
|0 0
|1 0
|4 0
|d 2001-09-26
|f 1
|l 0
|r 2025-09-26 00:00:00
|w 2026-02-23
|
| 952 |
|
|
|t P60, <04>, [BOOK], {604}
|a SNK
|b SNK
|y VYP
|7 0
|p 17A0316394
|o snkSC 106069 D1
|i snkKSP 11153/2001
|0 0
|1 0
|4 0
|d 2001-09-26
|l 0
|r 2005-01-02 00:00:00
|w 2026-02-23
|